Estatísticas para Game of Thrones de A a Y

Clique aqui para jogar o quiz

Estatísticas Gerais

  • Esse quiz foi jogado 146 vezes
  • A pontuação média é 19 de 25

Estatísticas das Respostas

LetraDicaResposta% Correto
FLobo de Jon SnowFantasma
93%
TO DuendeTyrion Lannister
92%
BSobrenome de MindinhoBaelish
87%
DO reino mais ao SulDorne
87%
AO Rei LoucoAerys II Targaryen
83%
WLorde da casa FreyWalder
83%
KRainha em DothrakiKhaleesi
81%
LCasa suserana do Rochedo CasterlyLannister
81%
PEscudeiro de Brienne de TarthPodrick Payne
81%
IExército eunuco de AstaporImaculados
80%
CA casa do Cão de CaçaClegane
79%
GÚnico bastardo vivo de RobertGendry Waters
79%
JSede da casa TyrellJardim de Cima
79%
VTambém conhecido como A AranhaLorde Varys
79%
SSobrenome bastardo de DorneSand
79%
YSelvagem beijada pelo fogoYgritte
78%
NO maior dos Sete ReinosNorte
76%
MRei-para-lá-da-MuralhaMance Rayder
73%
RUm dos dragões de DaenerysRhaegal
71%
EÚltimo Tully vivoEdmure
65%
OVíbora VermelhaOberyn Martell
65%
HO maior castelos dos Sete ReinosHarrenhal
64%
QMão da Rainha CerseiQyburn
61%
UCasa que aprisionou Rickon StarkUmber
61%
XUm dos 13 de QarthXaro Xhoan Daxos
46%

Distribuição das Pontuações

Percentil de Números Respondidos

Porcentagem de Pessoas com Cada Pontuação

Sua Pontuação Histórica

Você não jogou esse quiz